000 00474cam a22001934a 4500
005 20250605164314.0
008 250528s ||||||||||||||||||||||||d
035 _a22625
020 _a9780071167611
040 _aGR-AtMCL
_bgre
_dGR-AtMCL
_eAACR2
245 1 _aCLASSICAL OBJECT-ORIENTED SOFTWARE ENGINEERING
250 _a4
260 _bMcgraw Hill,
_c1999
300 _a616
700 1 _aSchach Stephen R
_98384
942 _cBK
999 _c7673
_d7673